LEADER 01116nam a2200301 i 4500 001 991001335019707536 005 20020507191555.0 008 970312s1968 de ||| | eng 035 $ab10833122-39ule_inst 035 $aLE01310677$9ExL 040 $aDip.to Matematica$beng 082 0 $a515.352 084 $aAMS 34-06 084 $aAMS 34-XX 084 $aAMS 34C35 100 1 $aJones, G. Stephen$0536770 245 10$aSeminar on differential equations and dynamical systems /$cedited by G. Stephen Jones 260 $aBerlin :$bSpringer-Verlag,$c1968 300 $a105 p. ;$c28 cm. 490 0 $aLecture notes in mathematics,$x0075-8434 ;$v60 650 0$aDynamical systems$xCongresses 650 0$aOrdinary differential equations$xCongresses 907 $a.b10833122$b23-02-17$c28-06-02 912 $a991001335019707536 945 $aLE013 34-XX JON11 (1968)$g1$i2013000078731$lle013$o-$pE0.00$q-$rl$s- $t0$u0$v0$w0$x0$y.i10942221$z28-06-02 996 $aSeminar on differential equations and dynamical systems$9923504 997 $aUNISALENTO 998 $ale013$b01-01-97$cm$da $e-$feng$gde $h0$i1 LEADER 02100nam0 22003851i 450 001 UON00046970 005 20231205102210.692 100 $a20020107d1965 |0itac50 ba 101 $aeng 102 $aUS 105 $a||||b ||||| 200 1 $aˆA ‰catalogue of the collection of Persian manuscripts including also some Turkish and Arabic presented to the Metropolitan Museum of Art New York$fby Alexander Smith Cochran$gprepared and edited by A.V. Williams Jackson and Abraham Yohannan 210 $aNew York$cAms Press$d1965 215 $aXXV, 187 p.$cill.$d22 cm 606 $aMANOSCRITTI ARABI$xCataloghi$3UONC000767$2FI 606 $aMANOSCRITTI PERSIANI$xCATALOGHI$3UONC006125$2FI 606 $aMANOSCRITTI TURCHI$xCataloghi$3UONC001983$2FI 620 $aUS$dNew York$3UONL000050 686 $aIRA GEN C I$cIRAN - OPERE GENERALI - CATALOGHI - OPERE INTERDISCIPLINARI, MANOSCRITTI$2A 700 1$aCOCHRAN$bAlexander Smith$3UONV031820$0649822 701 1$aJACKSON$bAbraham Valentine Williams$3UONV002945$0637438 702 1$aYOHANNAN$bAbraham$3UONV031821 712 02$aˆThe ‰Metropolitan Museum of Art$cNew York$3UONV008029 712 $aAMS Press$3UONV246591$4650 790 1$aWILLIAMS JACKSON, Abraham Valentine$zJACKSON, Abraham Valentine Williams$3UONV013602 801 $aIT$bSOL$c20241122$gRICA 899 $aSIBA - SISTEMA BIBLIOTECARIO DI ATENEO$2UONSI 912 $aUON00046970 950 $aSIBA - SISTEMA BIBLIOTECARIO DI ATENEO$dSI IRA GEN C I 018 $eSI MR 83345 7 018 966 $aIRAN - CATALOGHI - MANOSCRITTI$zMANOSCRITTI PERSIANI - CATALOGHI$3UONC006255 966 $aLETTERATURA PERSIANA$yMANOSCRITTI PERSIANI - CATALOGHI$3UONC006243 966 $aLINGUA PERSIANA$yMANOSCRITTI PERSIANI - CATALOGHI$3UONC005500 966 $aMINIATURA - IRAN$yMANOSCRITTI PERSIANI - CATALOGHI$3UONC006409 996 $aCatalogue of the collection of Persian manuscripts including also some Turkish and Arabic presented to the Metropolitan Museum of Art New York$91155613 997 $aUNIOR